Từ điển Trung - Việt Khoảng 60.000 nghìn từ
v.v...
Đã lưu trong:
| Tác giả chính: | |
|---|---|
| Định dạng: | Sách |
| Năm xuất bản: |
H.
Khoa học xã hội
1997
|
| Chủ đề: | |
| Tags: |
Thêm thẻ
Không có thẻ, Hãy là người đầu tiên gắn thẻ bản ghi này!
|
| LEADER | 00998nam a2200205 4500 | ||
|---|---|---|---|
| 082 | |a 495.103 |b T550đ | ||
| 100 | |a Phan Văn Các | ||
| 245 | |a Từ điển Trung - Việt |c Phan Văn Các, Nguyễn Duy Chiếm, Nguyễn Hữu Quý,... |b Khoảng 60.000 nghìn từ | ||
| 260 | |a H. |b Khoa học xã hội |c 1997 | ||
| 300 | |a 1653 tr. |c 24 cm | ||
| 520 | |a v.v... | ||
| 653 | |a Ngôn ngữ | ||
| 653 | |a TiếngTrung | ||
| 653 | |a Tiếng Việt | ||
| 653 | |a Từ điển | ||
| 942 | |2 ddc |c STK0 | ||
| 999 | |c 3872 |d 3872 | ||
| 952 | |0 0 |1 0 |2 ddc |4 0 |6 495_103000000000000_T550Đ |7 1 |8 400 |9 39239 |a qbu |b qbu |c D4 |d 2014-12-17 |g 187000 |o 495.103 T550đ |p 3072.c1 |r 0000-00-00 |w 2014-12-17 |y STK0 | ||
| 952 | |0 0 |1 0 |2 ddc |4 0 |6 495_103000000000000_T550Đ |7 0 |8 400 |9 39240 |a qbu |b qbu |c D4 |d 2014-12-17 |g 187000 |o 495.103 T550đ |p 3072.c2 |r 0000-00-00 |w 2014-12-17 |y STK0 | ||
| 952 | |0 0 |1 0 |2 ddc |4 0 |6 495_103000000000000_T550Đ |7 0 |8 400 |9 39241 |a qbu |b qbu |c D4 |d 2014-12-17 |g 187000 |l 1 |m 1 |o 495.103 T550đ |p 3072.c3 |r 2020-01-07 |s 2019-12-10 |w 2014-12-17 |y STK0 | ||